Oeconomica slovaca časopis Národohospodárskeho ústavu SAVU

Bibliographic Details
New Title:Ekonomický sborník Slovenskej akadémie vied a umení
Format: Journal
Language:Slovak
PhysicalDescription:1 zv. 25 cm
Published: Bratislava Slovenská akadémia vied a umení 1949
Subjects:

MARC

LEADER 00000cas a2200000 a 4500
001 vtls010180073
003 SK-MaSNL
005 20260228160327.0
008 220701d19491949xo ar p 0 b0slo c
040 |a UKB  |b slo  |c UKB  |d SAVUK  |d SNK  |e AACR2 
041 0 |a slo 
044 |a xo  |c SK 
072 7 |a 33  |x Ekonómia  |2 konspekt 
080 |a 33  |2 2011 
080 |a 050  |2 2011 
080 |a (082)  |2 2011 
245 0 0 |a Oeconomica slovaca  |b časopis Národohospodárskeho ústavu SAVU 
260 |a Bratislava  |b Slovenská akadémia vied a umení  |c 1949  |f C. F. Wigand 
300 |a 1 zv.  |c 25 cm 
310 |a 1x ročne 
362 0 |a Roč. 1 (1949)-roč. 1 (1949) 
650 0 7 |a ekonómia  |2 SNKPH  |9 788 
655 7 |a zborníky  |2 SNKPH  |9 70165 
710 2 |a Slovenská akadémia vied a umení.  |b Ústav právnych a hospodárskych vied  |4 pbl  |9 245069 
785 0 0 |t Ekonomický sborník Slovenskej akadémie vied a umení 
910 |a savuk 
910 |a snk 
999 |c 2157  |d 4087 
952 |0 0  |1 0  |4 0  |7 0  |8 3  |a SNK  |b SNK  |d 2022-03-17  |f 1  |i snkVIII. 1148/50  |l 0  |o snkČSB 518/1/1949  |p 17A0711933  |r 2026-02-21 21:40:10  |w 2026-02-21  |y PREZ